Vall de Sau Collsacabra : la força de la natura la força de la natura

Descripció física: 1 desplegable : il. col., fot., map. ; 23 cm (46 x 69 cm despleg.)

MARC

LEADER 00000nam a2200000Ia 4500
001 18397
008 160829s2004 xx 000 0 cat d
080 |a FU-50-23 
245 |a Vall de Sau Collsacabra :  |b  la força de la natura 
260 |a [Barcelona] :  |b Oficina Tècnica de Turisme, Diputació de Barcelona,  |c 2004 
300 |a 1 desplegable :  |b  il. col., fot., map. ;  |c 23 cm (46 x 69 cm despleg.) 
590 |a Conté un mapa de la zona.  
590 |a A la portada: Turisme Total.  
590 |a Existeix una primera edició 
650 |a Sau (Vall)  |x Guies   |9 21992 
650 |a Collsacabra  |x Guies   |9 21993 
650 |a Sau, Pantà de  |x Guies  |9 21994 
710 |a Barcelona (Catalunya : Província).  |b Oficina Tècnica de Turisme  |9 53579 
901 |a Arxiu 
942 |n 1 
952 |0 0  |1 0  |4 0  |6 FU5023  |7 1  |9 42120  |a Arxiu  |b Arxiu  |d 2016-12-01  |l 0  |o FU-50-23  |p 18397  |r 2016-12-01 00:00:00  |w 2016-12-01  |y ARXIU 
999 |c 44567  |d 44567